Exercise programming for older adults (Record no. 31424)

MARC details
000 -LEADER
fixed length control field 00618nam a2200157 a 4500
008 - FIXED-LENGTH DATA ELEMENTS--GENERAL INFORMATION
fixed length control field 110914s1996 ||||||||||||||||| || u
020 ## - INTERNATIONAL STANDARD BOOK NUMBER
International Standard Book Number 156024805X
050 ## - LIBRARY OF CONGRESS CALL NUMBER
Classification number RM 719 Exe
100 ## - MAIN ENTRY--PERSONAL NAME
Personal name Clark, Janie, 1956-
245 10 - TITLE STATEMENT
Title Exercise programming for older adults
Statement of responsibility, etc. [edited by] Janie Clark
260 ## - PUBLICATION, DISTRIBUTION, ETC.
Place of publication, distribution, etc. New York
Name of publisher, distributor, etc. Haworth
Date of publication, distribution, etc. 1996
300 ## - PHYSICAL DESCRIPTION
Extent [vii] 85p.: ill.
350 ## -
-- 0.00
650 ## - SUBJECT ADDED ENTRY--TOPICAL TERM
Topical term or geographic name entry element EXERCISE THERAPY FOR THE AGED
995 ## -
-- MICHAEL CHILUFYA SATA OPEN ACCESS
-- 0.00
-- 901084
-- CBU-SCHOOL OF MEDICINE LIBRARY (Ndola)
-- 1
-- 0.00
-- RM 719 EXE
-- 1
-- AVAILABLE
-- Oct 13, 2011
-- 901084
-- Medical Library Open Access Collection
999 ## -
-- 31424
-- 31424
Holdings
Withdrawn status Lost status Source of classification or shelving scheme Damaged status Not for loan Permanent Location Current Location Shelving location Date acquired Total Checkouts Full call number Barcode Date last seen Price effective from Koha item type
          CBU-SCHOOL OF MEDICINE LIBRARY, NDOLA. CBU-SCHOOL OF MEDICINE LIBRARY, NDOLA.   11/30/2022   RM 719 Exe 901084 11/30/2022 11/30/2022 MONOGRAPH